000 nam a22 7a 4500
999 _c128193
_d128193
008 180919b xxu||||| |||| 00| 0 eng d
020 _a9789956727438
050 _aBX1795.E27
_bT164
100 _aTangonyire, Raymond C.
_942350
245 _aEconomic behaviour as if others too had interests
_cRaymond C. Tangonyire and Lawrence K. Achal
260 _aCameroon
_bLangaa Research and Publishing
_c2012
300 _axii, 222p. ;
_c23cm.
650 _aEconomics
_xSocial aspects
_942351
650 _aSociology, Christian
_xCatholic Church
_929107
942 _2lcc
_cMONOGRAPH